[Event "Monza e Brianza Province-ch"]
[Site "Ceriano Laghetto"]
[Date "2015.02.24"]
[Round "6"]
[White "Dalla Libera, Sergio"]
[Black "De Maio, Domenico"]
[Result "1-0"]
[WhiteElo "1589"]
[BlackElo "1671"]
[PlyCount "37"]
[EventDate "2015.01.20"]
[EventType "swiss"]
[EventRounds "6"]
[EventCountry "ITA"]
[SourceTitle "EXT 2017"]
[Source "ChessBase"]
[SourceDate "2016.10.25"]
[SourceVersion "1"]
[SourceVersionDate "2016.10.25"]
[SourceQuality "1"]

1. e4 c5 2. Nf3 Nc6 3. Nc3 g6 4. Bc4 Bg7 5. Ne2 e6 6. c3 d5 7. exd5 exd5 8. Bb5 Qd6 9. d4 Bg4 10. Bf4 Qf6 11. Be5 Qf5 12. Bxg7 Bxf3 13. gxf3 Qxf3 14. Rg1 0-0-0 15. Bxh8 Nh6 16. Bg7 Ng4 17. Rxg4 Qxg4 18. Qd3 c4 19. Qe3 1-0

[Event "Monza e Brianza Province-ch"]
[Site "Ceriano Laghetto"]
[Date "2015.02.03"]
[Round "3"]
[White "Lombardi, Raffaele"]
[Black "De Maio, Domenico"]
[Result "1-0"]
[WhiteElo "1709"]
[BlackElo "1671"]
[PlyCount "107"]
[EventDate "2015.01.20"]
[EventType "swiss"]
[EventRounds "6"]
[EventCountry "ITA"]
[SourceTitle "EXT 2017"]
[Source "ChessBase"]
[SourceDate "2016.10.25"]
[SourceVersion "1"]
[SourceVersionDate "2016.10.25"]
[SourceQuality "1"]

1. e4 c5 2. f4 Nc6 3. Nf3 e6 4. Nc3 g6 5. Be2 d5 6. exd5 exd5 7. 0-0 Bg7 8. Bb5 Nge7 9. Bxc6+ bxc6 10. Qe1 0-0 11. Qh4 Re8 12. d3 Bd7 13. Rb1 Rb8 14. Bd2 Nf5 15. Qxd8 Rbxd8 16. Rfe1 Nd4 17. Nxd4 Bxd4+ 18. Kf1 Bf5 19. Ne2 Bg7 20. Ng3 Bg4 21. b3 h5 22. Rxe8+ Rxe8 23. Re1 Kf8 24. Be3 d4 25. Bd2 Rd8 26. Ba5 Rd5 27. Bc7 Bh6 28. Ne4 Rd7 29. Bd6+ Kg7 30. Be5+ Kf8 31. Nxc5 Rd5 32. Ne4 Bg7 33. Bb8 a6 34. Nd6 Be6 35. Ne4 Ke7 36. Ba7 Ke8 37. Nc5 Ke7 38. Ne4 Kd7 39. a4 Ke7 40. Bc5+ Kd7 41. Ba3 Kc7 42. g3 Bh6 43. Kf2 h4 44. Nc5 hxg3+ 45. hxg3 Rh5 46. Nxe6+ fxe6 47. Rxe6 Rh2+ 48. Kf3 g5 49. f5 Kb6 50. f6 Rxc2 51. f7 Rc3 52. Rxh6 Rxd3+ 53. Kg4 Rxb3 54. f8Q 1-0

[Event "Ceriano Laghetto op-C 17th"]
[Site "Ceriano Laghetto"]
[Date "2008.03.30"]
[Round "4"]
[White "De Maio, Fabio"]
[Black "De Maio, Domenico"]
[Result "1-0"]
[WhiteElo "1344"]
[BlackElo "1371"]
[PlyCount "113"]
[EventDate "2008.03.28"]
[EventType "swiss"]
[EventRounds "5"]
[EventCountry "ITA"]
[SourceTitle "EXT 2011"]
[Source "ChessBase"]
[SourceDate "2010.11.26"]
[SourceVersion "1"]
[SourceVersionDate "2010.11.26"]
[SourceQuality "1"]

1. e4 c6 2. d4 d5 3. Nc3 dxe4 4. Nxe4 Bf5 5. Ng3 Bg6 6. h4 h6 7. Nf3 Nd7 8. h5 Bh7 9. Bd3 Bxd3 10. Qxd3 e6 11. Bf4 Ngf6 12. 0-0-0 Qa5 13. Kb1 Nd5 14. Bd2 Qb6 15. Rhe1 0-0-0 16. Ne5 Nxe5 17. Rxe5 Bd6 18. Re4 Rde8 19. Ne2 f5 20. Rh4 Qc7 21. g3 Rhg8 22. Qf3 Be7 23. Rhh1 g5 24. hxg6 Rxg6 25. Nf4 Nxf4 26. Bxf4 Bd6 27. Bxh6 b6 28. Bf4 Bxf4 29. Qxf4 Rg7 30. Qxc7+ Rxc7 31. b3 Kb7 32. f3 Rg7 33. Rh3 Kc7 34. Rg1 Kd6 35. c4 f4 36. g4 Rg5 37. Kb2 c5 38. Rd1 Kc6 39. Rh5 Rxh5 40. gxh5 Rh8 41. d5+ Kd6 42. dxe6+ Kxe6 43. Rh1 Rh6 44. Kc3 Ke5 45. a3 Kf5 46. Kd3 Kg5 47. Ke4 Rxh5 48. Rxh5+ Kxh5 49. Kxf4 Kg6 50. Ke5 Kf7 51. Kf5 a6 52. a4 Ke7 53. Kg6 Kf8 54. Kf6 a5 55. f4 Ke8 56. Kg7 Ke7 57. f5 1-0